Central Library OPAC University of Rajshahi

ছোটদের প্রিয় নেতা জিয়াউর রহমান / (Record no. 54446)

MARC details
000 -LEADER
fixed length control field 00896nam a2200229 a 4500
001 - CONTROL NUMBER
control field 54446
003 - CONTROL NUMBER IDENTIFIER
rucl marc code BD-RjUL
005 - DATE AND TIME OF LATEST TRANSACTION
control field 20211209080125.0
008 - FIXED-LENGTH DATA ELEMENTS--GENERAL INFORMATION
fixed length control field 161106s2000 bg ||||| |||| 00| 0 ben d
020 ## - INTERNATIONAL STANDARD BOOK NUMBER
Terms of availability : TK 45.00
035 ## - SYSTEM CONTROL NUMBER
System control number (BD-RjUL)54568
040 ## - CATALOGING SOURCE
Original cataloging agency BD-RjUL
Language of cataloging ben
Transcribing agency BD-RjUL
041 ## - LANGUAGE CODE
Language code of text/sound track or separate title ben
082 ## - DEWEY DECIMAL CLASSIFICATION NUMBER
Edition number 23
Classification number 923.15492
Author mark and year BAC 2000
100 1# - MAIN ENTRY--PERSONAL NAME
Personal name বাবুল, রুহুল আমিন
9 (RLIN) 162470
245 10 - TITLE STATEMENT
Title ছোটদের প্রিয় নেতা জিয়াউর রহমান /
Statement of responsibility, etc. রুহুল আমিন বাবুল
260 ## - PUBLICATION, DISTRIBUTION, ETC. (IMPRINT)
Place of publication, distribution, etc. ঢাকা :
Name of publisher, distributor, etc. রহমান বুকস,
Date of publication, distribution, etc. ২০০০
300 ## - PHYSICAL DESCRIPTION
Pagination ৭৫, [১] পৃ. ;
Size ২১ সেমি.
600 ## - SUBJECT ADDED ENTRY--PERSONAL NAME
Personal name রহমান, জিয়াউর,
Dates associated with a name ১৯৩৬-১৯৮১
General subdivision জীবনী
Personal name Rahman, Ziaur
Dates associated with a name 1936-1981
General subdivision Biography
942 ## - ADDED ENTRY ELEMENTS (KOHA)
Source of classification or shelving scheme Dewey Decimal Classification
Koha item type Books
Holdings
Lost status Source of classification or shelving scheme Damaged status Not for loan Collection code Permanent Location Current Location Shelving location Date acquired Source of acquisition Cost, normal purchase price Total Checkouts Full call number Date last seen Copy number Koha item type
  Dewey Decimal Classification     Non-fiction Central Library, University of Rajshahi Central Library, University of Rajshahi   15/09/2003 Paragon Enterprises Dhaka 45.00   B 923.15492 BAC 2000 06/11/2016 C-2 Books
  Dewey Decimal Classification   Not For Loan Non-fiction Central Library, University of Rajshahi Central Library, University of Rajshahi Reading Room 15/09/2003 Dhaka, Paragon Enterprises Ltd. 45.00   B 923.15492 BAC 2000 03/03/2020 C-1 Books